Open Data Biblioteca Nacional de Portugal


República Portuguesa: Ministério da Cultura
Biblioteca Nacional de Portugal

Catálogo da BNP: acesso por Identificadores Unívocos
Registos Bibliográficos associados ao registo de autoridade

Etiqueta de registo: 00254nam 2200025 450
001 2284654
003 http://id.bnportugal.gov.pt/bib/catbnp/2284654
100 ## $a20260417d2024 k y0pory01030103ba
101 0# $aeng$dpor
102 ## $aPT
105 ## $aa m 000yy
106 ## $ar
200 1# $aDevelopment of novel microalgal mutants with improved pigmentation and protein contents for industrial waste-based fermentation$fMafalta Trovão dos Santos$gorient. Maria Filomena Andrade de Freitas, Joana Gabriela Laranjeira da Silva, Hugo Galvão Caiano Pereira
210 #9 $a[S.l.$cs.n.],$d2024
215 ## $aXXXII, 181 p.$cil.$d30 cm
328 #1 $aTese dout. Chemical and Biological Engineering, Nova School of Science & Technology, Universidade Nova de Lisboa, 2024
700 #1 $aSantos,$bMafalda Trovão dos$31996136
702 #1 $aPereira,$bHugo Galvão Caiano$4727$31780633
702 #1 $aFreitas,$bMaria Filomena$4727$31267070
702 #1 $aSilva,$bJoana Gabriela Laranjeira da,$f1975-$4727$31057575
801 #0 $aPT$bBN$gRPC
966 ## $lBN$mFGMON$x1
971 ## $cisantos$d20260417

OpendataBNP@bnportugal.pt | Mais informação sobre acesso aos dados BNP